[Event "5. ODEM U25 2008"]
[Site "Willingen GER"]
[Date "2008.05.13"]
[Round "5"]
[White "Figura, Atila Gajo"]
[Black "Billing, Christian"]
[Result "1/2-1/2"]
[Termination "normal"]
[Board "1"]
[WhiteTitle "FM"]
[WhiteElo "2405"]
[BlackElo "2155"]
[PlyCount "69"]
[WhiteFideId "4688058"]
[BlackFideId "4697294"]
[EventCountry "GER"]
[EventRounds "9"]
[EventType "swiss"]
[EventDate "2008.05.10"]

1. Nf3 Nf6 2. g3 g6 3. Bg2 Bg7 4. d4 O-O 5. O-O d5 6. c4 c6 7. Ne5 Nbd7 8. f4
Ne4 9. cxd5 cxd5 10. Nc3 Nxc3 11. bxc3 Nb6 12. e4 Qc7 13. Qb3 dxe4 14. Bxe4 Be6
15. Qc2 Rac8 16. Bd2 Nc4 17. Rac1 Rfd8 18. Rf2 f5 19. Bg2 Bd5 20. h4 Bxg2 21.
Rxg2 Bxe5 22. fxe5 e6 23. Bg5 Rd7 24. h5 Qc6 25. g4 Rf7 26. Qd3 Qe4 27. Qxe4
fxe4 28. Bf6 Ne3 29. hxg6 hxg6 30. Rh2 Rh7 31. Rxh7 Kxh7 32. g5 b5 33. Kf2 Rxc3
34. Rh1+ Kg8 35. Rh8+ 1/2-1/2

[Event "5. ODEM U25 2008"]
[Site "Willingen GER"]
[Date "2008.05.13"]
[Round "5"]
[White "Coenen, Michael"]
[Black "Högy, Kevin"]
[Result "0-1"]
[Termination "normal"]
[Board "2"]
[WhiteElo "2174"]
[BlackElo "2058"]
[PlyCount "90"]
[WhiteFideId "4697367"]
[BlackFideId "24647098"]
[EventCountry "GER"]
[EventRounds "9"]
[EventType "swiss"]
[EventDate "2008.05.10"]

1. Nf3 g6 2. d4 Bg7 3. g3 d5 4. Bg2 Nf6 5. O-O O-O 6. c4 c6 7. Nc3 Nbd7 8. Ne5
Nxe5 9. dxe5 Ne4 10. Nxe4 dxe4 11. Bf4 Be6 12. Qc2 Qd4 13. b3 Bxe5 14. Rad1 Qb2
15. Qxb2 Bxb2 16. Rd2 Bc3 17. Rc2 Bg7 18. Bxe4 Rfd8 19. b4 f5 20. Bg2 Rd4 21.
Rfc1 Rad8 22. h4 Rd1+ 23. Kh2 Rxc1 24. Bxc1 Rd4 25. b5 Rxc4 26. Rxc4 Bxc4 27.
bxc6 bxc6 28. a4 Bd5 29. Be3 a6 30. Bc5 Kf7 31. Bb4 Bxg2 32. Kxg2 e5 33. Kf3
e4+ 34. Ke3 Ke6 35. g4 Be5 36. f3 Kd5 37. gxf5 gxf5 38. fxe4+ fxe4 39. h5 Bd4+
40. Kf4 c5 41. Ba3 c4 42. Bc1 Ba1 43. Kg5 c3 44. Kh6 Bb2 45. Bg5 c2 0-1

[Event "5. ODEM U25 2008"]
[Site "Willingen GER"]
[Date "2008.05.13"]
[Round "5"]
[White "Schäfer, Alexander"]
[Black "Günnigmann, Manuel"]
[Result "0-1"]
[Termination "normal"]
[Board "3"]
[WhiteElo "1957"]
[BlackElo "2043"]
[PlyCount "102"]
[WhiteFideId "24615196"]
[BlackFideId "24640360"]
[EventCountry "GER"]
[EventRounds "9"]
[EventType "swiss"]
[EventDate "2008.05.10"]

1. e4 c5 2. Nf3 Nc6 3. Bb5 g6 4. O-O Bg7 5. Re1 e5 6. c3 Nge7 7. a3 O-O 8. b4
d6 9. h3 Bd7 10. Bb2 Rc8 11. Bxc6 Nxc6 12. b5 Nb8 13. a4 Be6 14. d3 Nd7 15. c4
f5 16. Qc1 fxe4 17. dxe4 Bxh3 18. Qc3 Bg4 19. Nbd2 Bh6 20. Nh2 Be6 21. Ndf3 Qe7
22. Bc1 Bxc1 23. Raxc1 Rcd8 24. a5 h6 25. Qe3 Kh7 26. Kf1 Nf6 27. Ke2 Ng4 28.
Nxg4 Bxg4 29. Rh1 h5 30. Rc3 Rf4 31. Ke1 Bxf3 32. gxf3 Rdf8 33. Qe2 Qg5 34. Rh3
h4 35. Qf1 Qd8 36. Ra3 R8f7 37. Qh1 g5 38. Ke2 Kg8 39. Ke1 Qf6 40. Re3 Rh7 41.
Qg2 Rg7 42. Qh1 Qf7 43. Rc3 Qc7 44. Ra3 Qd7 45. a6 d5 46. b6 bxa6 47. Rxa6 axb6
48. cxd5 Qb5 49. Ra8+ Rf8 50. Rxf8+ Kxf8 51. f4 Ra7 0-1

[Event "5. ODEM U25 2008"]
[Site "Willingen GER"]
[Date "2008.05.13"]
[Round "5"]
[White "Klebanov, Andrej"]
[Black "Siebarth, Raiko"]
[Result "0-1"]
[Termination "normal"]
[Board "5"]
[WhiteElo "1850"]
[BlackElo "2284"]
[PlyCount "66"]
[WhiteFideId "24669989"]
[BlackFideId "4674766"]
[EventCountry "GER"]
[EventRounds "9"]
[EventType "swiss"]
[EventDate "2008.05.10"]

1. d4 Nf6 2. c4 g6 3. Nc3 Bg7 4. e4 d6 5. Nf3 O-O 6. Be2 Nbd7 7. O-O e5 8. dxe5
dxe5 9. Bg5 c6 10. Qd6 Re8 11. Rad1 Qb6 12. Rd2 Bf8 13. Qd3 h6 14. Bh4 Nh5 15.
a3 a5 16. Rfd1 Nf4 17. Qc2 Nxe2+ 18. Nxe2 Qc7 19. Bg3 Nc5 20. b4 axb4 21. axb4
Na6 22. Qb2 f6 23. c5 Be6 24. Nxe5 fxe5 25. Bxe5 Qf7 26. Nf4 g5 27. Nxe6 Qxe6
28. Bc3 Qxe4 29. h3 Nc7 30. Rd7 Re7 31. Re1 Qxe1+ 32. Bxe1 Rxd7 33. Qf6 Bg7 0-1

[Event "5. ODEM U25 2008"]
[Site "Willingen GER"]
[Date "2008.05.13"]
[Round "5"]
[White "Richters, Marc"]
[Black "Lantzsch, Christian"]
[Result "1/2-1/2"]
[Termination "normal"]
[Board "6"]
[WhiteElo "1961"]
[BlackElo "2218"]
[PlyCount "89"]
[WhiteFideId "24612332"]
[BlackFideId "4659821"]
[EventCountry "GER"]
[EventRounds "9"]
[EventType "swiss"]
[EventDate "2008.05.10"]

1. d4 f5 2. g3 Nf6 3. Bg2 e6 4. Nf3 Be7 5. b3 O-O 6. Bb2 d6 7. O-O Qe8 8. Nbd2
Nbd7 9. Re1 Qg6 10. Nh4 Qf7 11. Nhf3 Ne4 12. Nc4 b6 13. Nfd2 Bb7 14. f3 Nxd2
15. Qxd2 d5 16. Ne5 Nxe5 17. dxe5 Rad8 18. e3 Rd7 19. Qe2 g5 20. f4 g4 21. c4
c6 22. cxd5 cxd5 23. Rac1 Bb4 24. Bc3 Ba3 25. Bb2 Bb4 26. Bc3 Bxc3 27. Rxc3 Rc7
28. Rec1 Rfc8 29. Qd2 Kf8 30. R1c2 Ke8 31. Kf2 Kd8 32. Qc1 Ba6 33. Rc6 Qd7 34.
Rxc7 Rxc7 35. Rxc7 Qxc7 36. Qxc7+ Kxc7 37. Ke1 b5 38. b4 Kb6 39. Kd2 Bb7 40.
Kd3 Ba8 41. Kd4 Bc6 42. a3 Bb7 43. h3 h5 44. h4 Bc6 45. Bf1 1/2-1/2

[Event "5. ODEM U25 2008"]
[Site "Willingen GER"]
[Date "2008.05.13"]
[Round "5"]
[White "Ackermann, Johannes"]
[Black "Jahncke, Giso"]
[Result "0-1"]
[Termination "normal"]
[Board "7"]
[WhiteElo "1902"]
[BlackElo "2031"]
[PlyCount "74"]
[WhiteFideId "24663875"]
[BlackFideId "24608289"]
[EventCountry "GER"]
[EventRounds "9"]
[EventType "swiss"]
[EventDate "2008.05.10"]

1. e4 c5 2. Nf3 Nc6 3. Nc3 g6 4. d4 cxd4 5. Nxd4 Bg7 6. Be3 Nf6 7. f3 O-O 8.
Bc4 Qb6 9. Qd2 Nxe4 10. fxe4 Bxd4 11. Bxd4 Qxd4 12. Qxd4 Nxd4 13. O-O-O Nc6 14.
Rhf1 d6 15. Nd5 Be6 16. Bb3 Bxd5 17. Bxd5 Rac8 18. Rd2 Rc7 19. Bxc6 bxc6 20.
Rf3 f5 21. Rdf2 e6 22. exf5 Rxf5 23. Rxf5 gxf5 24. Kd2 Rf7 25. g3 e5 26. Ke3
Kg7 27. Rd2 Rd7 28. Kf3 Kf6 29. Ke3 d5 30. c3 c5 31. Kf3 d4 32. cxd4 cxd4 33.
h3 h5 34. b4 e4+ 35. Kg2 e3 36. Rd3 Ke5 37. Kf3 Rc7 0-1

[Event "5. ODEM U25 2008"]
[Site "Willingen GER"]
[Date "2008.05.13"]
[Round "5"]
[White "Werner, Patrick"]
[Black "Gölz, Daniel"]
[Result "0-1"]
[Termination "normal"]
[Board "8"]
[WhiteElo "1754"]
[BlackElo "2015"]
[PlyCount "86"]
[WhiteFideId "24601608"]
[BlackFideId "24626325"]
[EventCountry "GER"]
[EventRounds "9"]
[EventType "swiss"]
[EventDate "2008.05.10"]

1. e4 c5 2. Nf3 e6 3. d4 cxd4 4. Nxd4 Nc6 5. Nb5 d6 6. c4 Nf6 7. N5c3 Be7 8.
Be2 O-O 9. O-O a6 10. Be3 Qc7 11. Na3 b6 12. Rc1 Bb7 13. f3 Ne5 14. Qb3 Ned7
15. Qd1 Rac8 16. Nc2 Rfd8 17. b4 d5 18. exd5 exd5 19. Nxd5 Nxd5 20. cxd5 Qe5
21. f4 Qxd5 22. Qxd5 Bxd5 23. a3 a5 24. Rfd1 Bb3 25. Bg4 Ba4 26. Bxd7 Rxd7 27.
Rxd7 Bxd7 28. bxa5 bxa5 29. Nd4 Bxa3 30. Ra1 Bb4 31. Kf2 a4 32. Ke2 Rc4 33. Ra2
Bg4+ 34. Kf2 Bc5 35. Rc2 Rxc2+ 36. Nxc2 Bd6 37. Bc1 Bf5 38. Na3 Bc5+ 39. Kf3
Bd3 40. Bb2 Kf8 41. g4 Ke7 42. h4 Kd7 43. g5 g6 0-1

[Event "5. ODEM U25 2008"]
[Site "Willingen GER"]
[Date "2008.05.13"]
[Round "5"]
[White "Bergner, Philipp"]
[Black "Geshnizjani, Ramin Tobias"]
[Result "0-1"]
[Termination "normal"]
[Board "9"]
[WhiteElo "1749"]
[BlackElo "2039"]
[PlyCount "46"]
[WhiteFideId "24664839"]
[BlackFideId "24633089"]
[EventCountry "GER"]
[EventRounds "9"]
[EventType "swiss"]
[EventDate "2008.05.10"]

1. d4 Nf6 2. c4 c5 3. Nf3 g6 4. d5 b5 5. cxb5 a6 6. Qc2 d6 7. e4 Bg7 8. Nc3 O-O
9. Be2 Qa5 10. Nd2 axb5 11. Nb3 Qb6 12. Nxb5 Na6 13. a4 Nb4 14. Qc4 e6 15. Bf4
exd5 16. exd5 Bd7 17. O-O Nfxd5 18. Bf3 Rxa4 19. Nxd6 Nxf4 20. Qxf4 Nd3 21. Qd2
Qxb3 22. Bd1 Qb4 23. Qxb4 Rxb4 0-1

[Event "5. ODEM U25 2008"]
[Site "Willingen GER"]
[Date "2008.05.13"]
[Round "5"]
[White "Thanabalasingam, Ajandhan"]
[Black "Wurm, Alexander"]
[Result "1/2-1/2"]
[Termination "normal"]
[Board "10"]
[WhiteElo "1723"]
[BlackElo "2068"]
[PlyCount "110"]
[WhiteFideId "24601659"]
[BlackFideId "24637246"]
[EventCountry "GER"]
[EventRounds "9"]
[EventType "swiss"]
[EventDate "2008.05.10"]

1. e4 e6 2. d4 d5 3. Nc3 Nf6 4. e5 Nfd7 5. f4 c5 6. Nf3 Nc6 7. Be3 a6 8. Qd2
cxd4 9. Nxd4 Bc5 10. O-O-O O-O 11. g4 Nxd4 12. Bxd4 b5 13. Bxc5 Nxc5 14. h4 b4
15. Ne2 a5 16. Ng3 Qc7 17. Kb1 Ba6 18. g5 Bxf1 19. Rdxf1 Rab8 20. Qe2 a4 21. h5
Rbc8 22. f5 a3 23. g6 Na4 24. h6 fxg6 25. hxg7 Qxg7 26. Nh5 axb2 27. Nxg7 Nc3+
28. Kxb2 Nxe2 29. f6 Ng3 30. Nxe6 Rf7 31. Ng5 Nxf1 32. Nxf7 Kxf7 33. Rxf1 Ke6
34. Re1 h5 35. Kb3 Rb8 36. c3 bxc3+ 37. Kxc3 h4 38. a4 h3 39. a5 h2 40. Rh1
Kxe5 41. Rxh2 Kxf6 42. Kd4 g5 43. Kxd5 Rb5+ 44. Ke4 Rxa5 45. Rc2 Ra4+ 46. Kf3
Kf5 47. Rc5+ Kg6 48. Rc3 Kh5 49. Kg3 Ra5 50. Kf3 Kh4 51. Kg2 Ra2+ 52. Kg1 g4
53. Rb3 g3 54. Rb8 Kh3 55. Rh8+ Kg4 1/2-1/2

[Event "5. ODEM U25 2008"]
[Site "Willingen GER"]
[Date "2008.05.13"]
[Round "5"]
[White "Neumair, Cedric"]
[Black "Zahn, Benno"]
[Result "0-1"]
[Termination "normal"]
[Board "11"]
[WhiteElo "1844"]
[BlackElo "1798"]
[PlyCount "140"]
[WhiteFideId "4698304"]
[BlackFideId "24636070"]
[EventCountry "GER"]
[EventRounds "9"]
[EventType "swiss"]
[EventDate "2008.05.10"]

1. e4 c5 2. Nc3 d6 3. f4 Nc6 4. Bb5 Bd7 5. Nf3 Nf6 6. d3 a6 7. Bxc6 Bxc6 8. O-O
e6 9. Qe1 Be7 10. Kh1 Qc7 11. Ne2 O-O 12. h3 b5 13. g4 Qb7 14. Qg3 Nxe4 15.
dxe4 Bxe4 16. c3 Bh4 17. Qg2 d5 18. Be3 Rac8 19. Rac1 b4 20. Neg1 d4 21. cxd4
cxd4 22. Bxd4 Rfd8 23. Be3 b3 24. axb3 Qxb3 25. Rxc8 Rxc8 26. Rc1 Rd8 27. Rc3
Qb7 28. Kh2 Bf6 29. Rc1 Bxb2 30. Re1 a5 31. Qe2 a4 32. Bc5 Bxf3 33. Nxf3 a3 34.
Bxa3 Bxa3 35. Rd1 Qc7 36. Rxd8+ Qxd8 37. Qd2 Qxd2+ 38. Nxd2 Bc1 39. Ne4 Bxf4+
40. Kg2 Kf8 41. Kf3 Bc1 42. Ke2 Ke7 43. Kd3 f5 44. gxf5 exf5 45. Ng3 Ke6 46.
Kd4 Bb2+ 47. Ke3 Ke5 48. Ne2 g5 49. Kf3 Bd4 50. Ng3 Bc3 51. Nh5 Be1 52. Ng7 Kf6
53. Ne8+ Kg6 54. Nd6 h5 55. Nc4 Bc3 56. Ne3 Bd4 57. Nc2 Ba7 58. Ne1 g4+ 59.
hxg4 hxg4+ 60. Kg3 Kg5 61. Kg2 Kf4 62. Nd3+ Ke4 63. Nc1 f4 64. Nb3 Ke3 65. Na1
f3+ 66. Kf1 g3 67. Nc2+ Ke4 68. Ne1 Ke3 69. Ng2+ fxg2+ 70. Kxg2 Bb8 0-1

[Event "5. ODEM U25 2008"]
[Site "Willingen GER"]
[Date "2008.05.13"]
[Round "5"]
[White "Kyas, Marcel"]
[Black "Huhnstock, Rico"]
[Result "1-0"]
[Termination "normal"]
[Board "12"]
[WhiteElo "1986"]
[BlackElo "1880"]
[PlyCount "77"]
[WhiteFideId "24642037"]
[BlackFideId "24642932"]
[EventCountry "GER"]
[EventRounds "9"]
[EventType "swiss"]
[EventDate "2008.05.10"]

1. Nf3 Nf6 2. c4 g6 3. g3 Bg7 4. Bg2 O-O 5. O-O c6 6. Nc3 d5 7. d4 Nbd7 8. b3
dxc4 9. bxc4 Nb6 10. Qd3 Be6 11. c5 Nbd5 12. Nxd5 Bxd5 13. Bf4 b5 14. a4 a6 15.
Ne5 Bxg2 16. Kxg2 Qd5+ 17. f3 Nd7 18. e4 Qe6 19. Nxd7 Qxd7 20. axb5 axb5 21.
Rxa8 Rxa8 22. d5 Ra2+ 23. Rf2 Rxf2+ 24. Kxf2 h6 25. Qd2 Qb7 26. dxc6 Qxc6 27.
Qd8+ Bf8 28. Qd5 Qa6 29. c6 b4 30. c7 b3 31. Qxb3 g5 32. Qb8 Qa2+ 33. Kg1 Qa1+
34. Kg2 Qa2+ 35. Kh3 Qa1 36. c8=Q Qf1+ 37. Kg4 h5+ 38. Kxg5 f6+ 39. Kh4 1-0

[Event "5. ODEM U25 2008"]
[Site "Willingen GER"]
[Date "2008.05.13"]
[Round "5"]
[White "Durmisi, Valon"]
[Black "Sieker, Roland"]
[Result "0-1"]
[Termination "normal"]
[Board "13"]
[WhiteElo "1689"]
[BlackElo "2047"]
[PlyCount "58"]
[BlackFideId "24600261"]
[EventCountry "GER"]
[EventRounds "9"]
[EventType "swiss"]
[EventDate "2008.05.10"]

1. e4 e5 2. Nf3 d6 3. Bc4 Be7 4. Nc3 Nf6 5. d3 O-O 6. Be3 c6 7. Bg5 Nbd7 8. d4
Qc7 9. Qd2 h6 10. Bxh6 gxh6 11. Qxh6 Nh7 12. Qg6+ Kh8 13. Bxf7 exd4 14. Nxd4
Ne5 15. Ne6 Bxe6 16. Qxe6 Rxf7 17. Ne2 Rf6 18. Qb3 Qb6 19. Qxb6 axb6 20. f4 Ng6
21. f5 Ne5 22. h3 Rf7 23. g4 Bh4+ 24. Kd2 Nf6 25. Nc3 Re8 26. Ke3 b5 27. b4
Rfe7 28. Kf4 Nf7 29. Rhg1 Nxe4 0-1

[Event "5. ODEM U25 2008"]
[Site "Willingen GER"]
[Date "2008.05.13"]
[Round "5"]
[White "Pogan, Nicolas"]
[Black "Eigemann, Julian"]
[Result "1-0"]
[Termination "normal"]
[Board "14"]
[WhiteElo "2003"]
[BlackElo "1604"]
[PlyCount "133"]
[WhiteFideId "24673579"]
[BlackFideId "24666599"]
[EventCountry "GER"]
[EventRounds "9"]
[EventType "swiss"]
[EventDate "2008.05.10"]

1. e4 d5 2. exd5 Qxd5 3. Nc3 Qd6 4. d4 Nf6 5. Nb5 Qb6 6. c4 a6 7. Nc3 Bf5 8.
Be2 e6 9. c5 Qa7 10. Bf4 c6 11. Bc7 Nbd7 12. Na4 Rc8 13. Ba5 Qb8 14. Nf3 Be7
15. Nh4 Be4 16. f3 Bd5 17. g3 O-O 18. O-O e5 19. Nf5 Bd8 20. Bc3 exd4 21. Bxd4
Qc7 22. Qd2 Ne5 23. Nd6 Ng6 24. Nxc8 Qxc8 25. Nb6 Bxb6 26. cxb6 Nh5 27. Qg5 Qh3
28. Qg4 Qxg4 29. fxg4 Nf6 30. Bxf6 gxf6 31. Rxf6 Re8 32. Rf2 Ne5 33. Rd1 Nd7
34. Bf3 Nxb6 35. Bxd5 Nxd5 36. Rdf1 f6 37. b3 h6 38. Rd2 Kg7 39. Kf2 Re7 40.
Re1 Rf7 41. Re8 f5 42. gxf5 Rxf5+ 43. Kg2 Rf7 44. Rf2 Rd7 45. Rfe2 Rf7 46. Rf2
Rd7 47. Rf3 Nf6 48. Rb8 Rd2+ 49. Rf2 Rd7 50. Re2 Kf7 51. a3 Rc7 52. Re3 Nd7 53.
Rh8 Kg7 54. Rhe8 Nc5 55. R3e7+ Rxe7 56. Rxe7+ Kf6 57. Rh7 Kg6 58. Rc7 a5 59. b4
axb4 60. axb4 Ne6 61. Rxb7 Nd4 62. Rd7 Nb5 63. Rd8 Kg5 64. Kf3 h5 65. Ke4 Kf6
66. Kd3 Ke7 67. Rh8 1-0

[Event "5. ODEM U25 2008"]
[Site "Willingen GER"]
[Date "2008.05.13"]
[Round "5"]
[White "Weißbeck, Simon"]
[Black "Elser, Niklas"]
[Result "1/2-1/2"]
[Termination "normal"]
[Board "15"]
[WhiteElo "1831"]
[BlackElo "1858"]
[PlyCount "115"]
[WhiteFideId "24646865"]
[BlackFideId "24634573"]
[EventCountry "GER"]
[EventRounds "9"]
[EventType "swiss"]
[EventDate "2008.05.10"]

1. e4 c5 2. c3 d5 3. exd5 Qxd5 4. d4 Nf6 5. Nf3 g6 6. Be3 cxd4 7. Nxd4 Bg7 8.
Bb5+ Bd7 9. Bxd7+ Nbxd7 10. O-O O-O 11. Nd2 Ne5 12. N2f3 Nc4 13. Qe2 e5 14. Nb3
e4 15. Nfd4 Ne5 16. Rfd1 Neg4 17. Nb5 Qe5 18. g3 Nxe3 19. fxe3 Qg5 20. N5d4 Ng4
21. Nc2 Bh6 22. h4 Qh5 23. Re1 Rad8 24. Nbd4 Bg7 25. Rf1 Be5 26. Kg2 Rd6 27.
Rad1 g5 28. Rf5 f6 29. Rh1 Bxd4 30. Nxd4 Rb6 31. hxg5 Rxb2 32. Rxh5 Rxe2+ 33.
Nxe2 Nxe3+ 34. Kh3 Nxf5 35. gxf6 Rxf6 36. Rg5+ Kf7 37. Nf4 Ne3 38. Rh5 Kg7 39.
Rg5+ Kf7 40. Rh5 h6 41. Re5 Nd1 42. Rd5 Nxc3 43. Rd7+ Ke8 44. Rxb7 e3 45. Kg2
Ra6 46. Kf3 e2 47. Nxe2 Nxe2 48. Kxe2 Rxa2+ 49. Kf3 Ra5 50. g4 Ra6 51. Rh7 Kf8
52. Kg3 Kg8 53. Rb7 Ra3+ 54. Kh4 Ra5 55. Rc7 a6 56. Ra7 Kh8 57. Kg3 Ra1 58. Kh4
1/2-1/2

[Event "5. ODEM U25 2008"]
[Site "Willingen GER"]
[Date "2008.05.13"]
[Round "5"]
[White "Schwarzat, Julian"]
[Black "Billing, Alexander"]
[Result "1/2-1/2"]
[Termination "normal"]
[Board "16"]
[WhiteElo "1963"]
[BlackElo "1875"]
[PlyCount "59"]
[WhiteFideId "24675857"]
[BlackFideId "24624420"]
[EventCountry "GER"]
[EventRounds "9"]
[EventType "swiss"]
[EventDate "2008.05.10"]

1. e4 e6 2. d4 d5 3. exd5 exd5 4. Bd3 Bd6 5. Ne2 Ne7 6. O-O c6 7. c3 Qc7 8. Ng3
O-O 9. Nd2 f5 10. Qc2 g6 11. Re1 Nd7 12. Nf3 f4 13. Nf1 Nf6 14. c4 dxc4 15.
Bxc4+ Ned5 16. Ne5 Bf5 17. Bd3 Bxd3 18. Nxd3 Rae8 19. Bd2 Ne4 20. Nc5 Nxc5 21.
dxc5 Be5 22. Rad1 f3 23. Bh6 fxg2 24. Ng3 Rf7 25. Kxg2 Re6 26. Rd2 g5 27. Bxg5
Rg6 28. Bd8 Qxd8 29. Rxe5 Qf6 30. Qe4 1/2-1/2

[Event "5. ODEM U25 2008"]
[Site "Willingen GER"]
[Date "2008.05.13"]
[Round "5"]
[White "Seyrich, Maximilian"]
[Black "Wisheckel, Florian"]
[Result "1-0"]
[Termination "normal"]
[Board "18"]
[WhiteElo "1943"]
[BlackElo "1749"]
[PlyCount "65"]
[WhiteFideId "24622427"]
[BlackFideId "24678090"]
[EventCountry "GER"]
[EventRounds "9"]
[EventType "swiss"]
[EventDate "2008.05.10"]

1. d4 d5 2. Nf3 Nf6 3. c4 e6 4. Nc3 Nbd7 5. Bg5 Be7 6. e3 O-O 7. Bd3 c6 8. O-O
Qc7 9. Rc1 h6 10. Bh4 e5 11. cxd5 exd4 12. exd4 cxd5 13. Nxd5 Qd6 14. Nxe7+
Qxe7 15. Re1 Qb4 16. Qc2 Nd5 17. a3 Qa5 18. Bc4 N7b6 19. Ba2 Be6 20. Bb1 g6 21.
Rxe6 Rfc8 22. Rxg6+ fxg6 23. Qxg6+ Kf8 24. Qxh6+ Ke8 25. Re1+ Qxe1+ 26. Nxe1
Rc6 27. Bg6+ Kd7 28. Qg7+ Kd6 29. Bg3+ Nf4 30. Bxf4+ Kd5 31. Qe5+ Kc4 32. Bf7+
Nd5 33. Qxd5# 1-0

[Event "5. ODEM U25 2008"]
[Site "Willingen GER"]
[Date "2008.05.13"]
[Round "5"]
[White "Plank, Michael"]
[Black "Wenninger, Philipp"]
[Result "1/2-1/2"]
[Termination "normal"]
[Board "19"]
[WhiteElo "1741"]
[BlackElo "1868"]
[PlyCount "90"]
[WhiteFideId "4671716"]
[BlackFideId "4648404"]
[EventCountry "GER"]
[EventRounds "9"]
[EventType "swiss"]
[EventDate "2008.05.10"]

1. d4 Nf6 2. c4 c5 3. d5 e6 4. Nc3 exd5 5. cxd5 d6 6. e4 g6 7. Be3 Bg7 8. Bb5+
Nbd7 9. Nge2 a6 10. Bxd7+ Nxd7 11. a4 O-O 12. O-O Re8 13. Qc2 Rb8 14. Bf4 Nf6
15. a5 Nh5 16. Be3 b5 17. axb6 Qxb6 18. Ra2 f5 19. f3 Nf6 20. Bf4 fxe4 21. Nxe4
Nxe4 22. fxe4 Bxb2 23. Nc3 c4+ 24. Kh1 Qb3 25. Qxb3 Rxb3 26. Nd1 Be5 27. Bxe5
Rxe5 28. Nf2 Re7 29. Rc1 Rc7 30. h3 Kg7 31. Rac2 Rb4 32. Nd3 Ra4 33. Nb2 Ra2
34. Rxc4 Rf7 35. Rxc8 Rxb2 36. R8c7 Rb6 37. R7c6 Rxc6 38. Rxc6 Rd7 39. Rxa6 Kf6
40. g3 Ke5 41. Ra4 Rb7 42. Kg2 h5 43. Kf3 Rb3+ 44. Kf2 Rb2+ 45. Kf3 Rb3+
1/2-1/2

[Event "5. ODEM U25 2008"]
[Site "Willingen GER"]
[Date "2008.05.13"]
[Round "5"]
[White "Häcker, Katrin"]
[Black "Bömelburg, Raphael"]
[Result "0-1"]
[Termination "normal"]
[Board "20"]
[WhiteElo "1663"]
[BlackElo "1852"]
[PlyCount "38"]
[WhiteFideId "24667986"]
[BlackFideId "24692441"]
[EventCountry "GER"]
[EventRounds "9"]
[EventType "swiss"]
[EventDate "2008.05.10"]

1. e4 e6 2. d4 d5 3. Nc3 Bb4 4. exd5 exd5 5. Bd3 Nc6 6. Nge2 Nge7 7. O-O Bg4 8.
f3 Bf5 9. Bxf5 Nxf5 10. Qd3 Qd7 11. Bf4 O-O-O 12. a3 Ba5 13. Na4 Nce7 14. Nec3
Bxc3 15. Qxc3 Ng6 16. Qa5 Nxf4 17. Qxa7 Ne2+ 18. Kf2 Qe7 19. Nc5 Qe3+ 0-1

[Event "5. ODEM U25 2008"]
[Site "Willingen GER"]
[Date "2008.05.13"]
[Round "5"]
[White "Münch, Marlene"]
[Black "Fernschild, Daniel"]
[Result "1/2-1/2"]
[Termination "normal"]
[Board "21"]
[WhiteElo "1674"]
[BlackElo "1877"]
[PlyCount "28"]
[WhiteFideId "24639222"]
[BlackFideId "4624513"]
[EventCountry "GER"]
[EventRounds "9"]
[EventType "swiss"]
[EventDate "2008.05.10"]

1. d4 e6 2. e4 d5 3. exd5 exd5 4. Nc3 c6 5. Bd3 Bd6 6. Nge2 Bg4 7. f3 Bh5 8.
Be3 Qc7 9. f4 Ne7 10. Qd2 Nd7 11. h3 Bg6 12. O-O-O O-O-O 13. Rhf1 f5 14. Ng1
Nf6 1/2-1/2

[Event "5. ODEM U25 2008"]
[Site "Willingen GER"]
[Date "2008.05.13"]
[Round "5"]
[White "Müller, Alexander"]
[Black "Stahnecker, Wieland"]
[Result "0-1"]
[Termination "normal"]
[Board "22"]
[WhiteElo "1807"]
[BlackElo "1733"]
[PlyCount "62"]
[WhiteFideId "4624696"]
[BlackFideId "4694481"]
[EventCountry "GER"]
[EventRounds "9"]
[EventType "swiss"]
[EventDate "2008.05.10"]

1. e4 e6 2. d4 d5 3. Nd2 Nf6 4. Bd3 Be7 5. Ne2 dxe4 6. Nxe4 O-O 7. O-O Nbd7 8.
N2g3 b6 9. Qf3 Rb8 10. Nxf6+ Nxf6 11. c3 Bb7 12. Qe2 c5 13. dxc5 Bxc5 14. Ne4
Qd5 15. Re1 Rbd8 16. Nxf6+ gxf6 17. Qg4+ Kh8 18. Be4 Qd7 19. Bh6 Rg8 20. Qf3
Rg6 21. Rad1 Bd6 22. Bc1 Bxe4 23. Qxe4 Qc7 24. h3 Rdg8 25. Be3 Be5 26. Re2 f5
27. Qf3 f4 28. Bd4 Bxd4 29. Rxd4 e5 30. Rde4 Qc6 31. Kh1 f5 0-1

[Event "5. ODEM U25 2008"]
[Site "Willingen GER"]
[Date "2008.05.13"]
[Round "5"]
[White "Kelm, Marcel"]
[Black "Jorczik, Andreas"]
[Result "1/2-1/2"]
[Termination "normal"]
[Board "23"]
[WhiteElo "2016"]
[BlackElo "1820"]
[PlyCount "80"]
[WhiteFideId "4675770"]
[BlackFideId "24634921"]
[EventCountry "GER"]
[EventRounds "9"]
[EventType "swiss"]
[EventDate "2008.05.10"]

1. c4 e5 2. Nc3 Nc6 3. g3 d6 4. Bg2 Be6 5. d3 Qd7 6. e4 g6 7. Nge2 Bg7 8. O-O
Nge7 9. f4 O-O 10. Nd5 f5 11. Rb1 Rab8 12. Nec3 Nd4 13. Be3 c5 14. b4 b6 15.
Nxe7+ Qxe7 16. Bxd4 exd4 17. Nd5 Bxd5 18. exd5 Rfe8 19. bxc5 bxc5 20. Rxb8 Rxb8
21. Re1 Qd7 22. Qc2 Re8 23. Re6 Kf8 24. Qe2 Re7 25. Kf2 Re8 26. Rxe8+ Qxe8 27.
Qe6 Qxe6 28. dxe6 Ke7 29. Bd5 h5 30. Kf3 Kf6 31. h3 Bh6 32. g4 hxg4+ 33. hxg4
fxg4+ 34. Kxg4 Bf8 35. Be4 Be7 36. Kf3 Bd8 37. Bd5 Kf5 38. Kg3 Be7 39. Be4+ Kf6
40. Kg4 Bd8 1/2-1/2

[Event "5. ODEM U25 2008"]
[Site "Willingen GER"]
[Date "2008.05.13"]
[Round "5"]
[White "Windjäger, Gerd"]
[Black "Häussler, Daniel"]
[Result "0-1"]
[Termination "normal"]
[Board "24"]
[WhiteElo "1535"]
[BlackElo "1919"]
[PlyCount "92"]
[BlackFideId "24631345"]
[EventCountry "GER"]
[EventRounds "9"]
[EventType "swiss"]
[EventDate "2008.05.10"]

1. d4 f5 2. g3 Nf6 3. c3 g6 4. Bg2 Bg7 5. Qb3 c6 6. Nh3 d5 7. Nd2 O-O 8. Nf3
Ne4 9. O-O h6 10. Nf4 Kh7 11. Nd3 Nd7 12. Nfe5 Nxe5 13. Nxe5 c5 14. f3 c4 15.
Qc2 Nd6 16. b3 a5 17. bxc4 Bxe5 18. dxe5 Nxc4 19. f4 e6 20. Kh1 Bd7 21. Rb1 Qc7
22. Qd3 b5 23. Be3 Nxe3 24. Qxe3 Qa7 25. Qd2 Rfc8 26. Rfc1 Rc5 27. a4 bxa4 28.
c4 Bc6 29. cxd5 Bxd5 30. Rxc5 Qxc5 31. Bxd5 exd5 32. Rc1 Qb5 33. Qc2 Rd8 34.
Ra1 Qb7 35. Rxa4 Rc8 36. Qd2 Qb1+ 37. Kg2 Rc2 38. Qe3 Qb5 39. Kf3 Qxa4 40. Qa7+
Kg8 41. Qb8+ Kg7 42. Qb7+ Kf8 43. Qb8+ Kf7 44. Qb7+ Ke8 45. Qb8+ Kd7 46. Qd6+
Kc8 0-1

[Event "5. ODEM U25 2008"]
[Site "Willingen GER"]
[Date "2008.05.13"]
[Round "5"]
[White "Ludwig, Sebastian"]
[Black "Hansch, Stephan"]
[Result "1-0"]
[Termination "normal"]
[Board "25"]
[WhiteElo "2036"]
[BlackElo "1515"]
[PlyCount "51"]
[WhiteFideId "4692780"]
[EventCountry "GER"]
[EventRounds "9"]
[EventType "swiss"]
[EventDate "2008.05.10"]

1. e4 c5 2. d4 cxd4 3. c3 d5 4. Qxd4 dxe4 5. Qxe4 Nf6 6. Bb5+ Nbd7 7. Qe2 Qc7
8. Nf3 e6 9. O-O Be7 10. Re1 O-O 11. Bg5 Bc5 12. Nbd2 Ng4 13. Ne4 Qb6 14. Bh4
a6 15. Bd3 f5 16. Neg5 h6 17. Nxe6 g5 18. Nxf8 Nxf8 19. h3 gxh4 20. hxg4 fxg4
21. Bc4+ Kh8 22. Qe5+ Kh7 23. Nd4 Ng6 24. Qe8 Nf8 25. Qf7+ Kh8 26. Qg8# 1-0